000
00239nam a2200097Ia 4500
001
752371
005
20250826164702.0
008
250824s9999 xx 000 0 und d
245
0
_a
BAŞARI OKULU
_c
ÖZGÜR GEZ
260
_b
ATLIKARINCA YAYINLARI
999
_c
752371
_d
752371